| 000 | 00825cab a22001935a 4500 | ||
|---|---|---|---|
| 001 | L157429 | ||
| 008 | 121129e20121124xxk 000 0 eng d | ||
| 035 | _a(Sirsi) u157429 | ||
| 041 | 0 | _aeng | |
| 100 | 1 | _aHumphreys, Emma | |
| 245 | 0 | 0 | _aDon't expect change at the speed of light |
| 260 | _c2012 | ||
| 490 |
_aEstates Gazette _v(1247) 24 November 2012, 124(1) |
||
| 520 | _aDiscusses rights to light in the context of the Law Commission's investigation of the issue. Notes that case law since 2006 has emphasised primacy of injunction as the remedy for rights of light infringement and this gives neighbours affected by either commercial or residential redevelopments a good chance of preventing a development | ||
| 590 | _aKA | ||
| 651 | 4 |
_aEngland and Wales _y1543- |
|
| 690 |
_aRights of light _96267 |
||
| 942 | _n0 | ||
| 999 |
_c84378 _d84378 |
||